| 000 | 00796nam a22002537a 4500 | ||
|---|---|---|---|
| 005 | 20170124110045.0 | ||
| 010 | _a196568 | ||
| 020 | _c00.00 | ||
| 035 | _a196568 | ||
| 037 | _bCen Lib/Ret | ||
| 040 |
_aDPL _bEN |
||
| 082 |
_a792.02 _bHEF |
||
| 100 |
_aHeffner, Hubert C. _924420 |
||
| 245 |
_aModern theatre practice : _cby Hubert C.Heffner,Samuel Selden [and] Hunton D.Sellman _ba handbook of play production / |
||
| 260 |
_bVision Press Limited _aLondon _c1961 |
||
| 270 | _asaxone House,74A Regent Street | ||
| 300 |
_axxx,758p. : _c21cm(Hb) _bill. |
||
| 500 | _aIncludes index | ||
| 650 |
_aTheatre. _974045 |
||
| 650 |
_aStage presentations. _924422 |
||
| 700 |
_aSelden, Samuel _974046 |
||
| 700 |
_aSellman, Hunton D. _974047 |
||
| 942 |
_2ddc _cEN _h792.02 _mHEF |
||
| 999 |
_c128779 _d128779 |
||